| 000 | 00636nam a2200241 i 4500 | ||
|---|---|---|---|
| 001 | 11597 | ||
| 003 | ES-MaACL | ||
| 005 | 20230906150132.0 | ||
| 007 | t| | ||
| 008 | 920918s1989 sp ||||0| spa d | ||
| 016 | 7 | _zCEN920035143 | |
| 020 | _a84-87070-11-6 | ||
| 040 |
_aCEN _bspa _cCEN |
||
| 080 | _a860-31"19" | ||
| 100 | 1 |
_aFournier, Antonio J. _951974 |
|
| 245 | 1 | 3 |
_aLa marea islámica / _cAntonio J. Fournier. |
| 260 |
_aMadrid : _bExadra, _cD.L. 1989. |
||
| 300 |
_a308 p ; _c24 cm. |
||
| 490 | 1 | _aExadra novela | |
| 830 | 0 |
_aExadra novela _9193486 |
|
| 852 |
_aES-MaACL _jL-18961 _bR.124537 |
||
| 999 |
_c11597 _d11597 |
||